000 00553nam a2200169Ia 4500
008 090711s9999 xx 000 0 und d
082 _b1651
100 _aसप्रे माधव नी.
245 _aअव्दैतमकरन्द
260 _bप्रविण प्रकाशन
_c1999
300 _a104
600 _aसप्रे माधव नी.
630 _aअव्दैतमकरन्द
700 _aसप्रे माधव नी.
730 _aअव्दैतमकरन्द
942 _cBOOK
999 _c334529
_d334529